Formula 1 A-Z #3 - Statistics

General Stats
  • This quiz has been taken 620 times
  • The average score is 16 of 26
Answer Stats
Hint Answer % Correct
F The most iconic team in F1 Ferrari
96%
M The location of the most prestigious race in F1 Monaco
89%
Q Location of the Losail International Circuit that has received large amounts of criticism regarding human rights Qatar
86%
G Sometimes known as 'The Phoenix' after surviving a crash in the 2020 Bahrain GP, in which his car split in two and exploded Romain Grosjean
84%
N Driver that should have pitted for wets in the 2020 Russian GP Lando Norris
83%
U Country that has produced the greatest number of Drivers' Champions United Kingdom
83%
O What every driver starting behind P1 wants to do during a race Overtake
82%
W Team principal and CEO of the Mercedes F1 team Toto Wolff
79%
R The surname of the second father and son to have both won a Drivers' Championship Rosberg
76%
H The surname of three different Drivers' Champions Hill
75%
Y Circuit that has hosted the F1 season finale since 2009 Yas Marina Circuit
71%
K Became somewhat of a professional yo-yo, going from Toro Rosso to Red Bull, back to Toro Rosso, then out of F1, then back to Toro Rosso/Alpha Tauri, then back out of F1 Daniil Kvyat
69%
P "The Professor" Alain Prost
68%
A Driver with the second highest percentage of wins in a single season, with 75% Alberto Ascari
62%
J Team founded in 1991 that eventually became Force India Jordan
61%
I The most successful Belgian F1 driver Jacky Ickx
60%
B The mastermind behind Michael Schumacher's seven Drivers' Championships, later became the eponymous founder of a championship winning constructor Ross Brawn
56%
S Had an unremarkable F1 career despite possibly having the most appropriate surname for racing Scott Speed
50%
V One of only two drivers to win the Drivers' Championship in their second season of F1 Jacques Villeneuve
47%
C Won the second and third Constructors' Championships Cooper
43%
D Team principal of the McLaren F1 team for 29 years Ron Dennis
43%
L Parent company of the Formula One Group Liberty Media
41%
E What ERS stands for Energy Recovery System
30%
T Designer of a significant number of F1 circuits Hermann Tilke
27%
Z Former F1 driver and four-time Paralympic gold medallist Alex Zanardi
26%
X Lewis Hamilton's rapping pseudonym XNDA
12%
No matching quizzes found
Score Distribution
Percent of People with Each Score
Percentile by Number Answered
Your Score History
You have not taken this quiz